| 000 | 00000nam##2200000za#4500 |
| 001 | 9.651164 |
| 003 | CaOODSP |
| 005 | 20210615114818 |
| 007 | ta |
| 008 | 150407|2008||||xxc||||| f|0| 0 eng|d |
| 020 | |a978-0-662-48424-0 |
| 040 | |aCaOODSP|beng |
| 043 | |an-cn--- |
| 086 | 1 |aT29-42/2008E |
| 110 | 1 |aCanada.|bTransport Canada. |bMarine Safety. |
| 245 | 13|aAn owner's guide to private buoys / |c[Issued by the] Navigable Waters Protection Program. |
| 260 | |aOttawa - Ontario : |bTransport Canada. |c[2008]. |
| 300 | |a26p. : |bfigs., photographs ; |c28 cm. |
| 520 | 3 |aWill help private buoy owners to understand and apply Canada’s laws and requirements, and inform them of their responsibilities when placing a private buoy. |
| 563 | |aSoftcover |
| 590 | |a09-23|b2009-06-05 |
| 690 | 07|aMarine safety|2gcpds |
| 775 | 08|tBouées privées - guide du propriétaire |w(CaOODSP)9.684208 |
| 776 | 0#|tAn owner's guide to private buoys |w(CaOODSP)9.692262 |
| 986 | |aTP 14799E |